[Event "9th Ferdowski Cup 2019"]
[Site "Mashhad"]
[Date "2019.03.04"]
[Round "5.1"]
[White "Aitbayev, Aslan"]
[Black "Khodashenas, Mersad"]
[Result "1-0"]
[WhiteElo "2441"]
[BlackElo "2480"]
[Annotator "TA"]
[PlyCount "142"]
[EventDate "2019.03.01"]
[EventType "swiss"]
[EventCountry "IRI"]
[SourceTitle "playchess.com"]
[Source "ChessBase"]
[SourceQuality "1"]

{[%evp 14,142,1,-8,33,31,27,25,61,54,69,52,44,48,42,9,45,50,60,31,43,34,48,38,77,45,56,56,47,0,178,154,256,258,400,327,465,187,177,192,192,122,102,34,55,35,38,27,52,28,8,0,0,-56,-32,-42,0,-6,0,-44,0,0,0,0,0,0,12,0,52,0,0,0,0,0,0,0,0,-8,0,-217,0,0,0,0,36,0,0,0,0,0,0,-8,-8,-9,-8,-8,0,-9,-8,-8,-8,-10,-10,-210,-180,-178,-175,-193,-208,-266,-183,-186,-186,-170,-172,-275,-190,-275,0,-257,-212,-284,-251,-372,-338,-1848,-1612,-29975,-29975,-6311,-6140]} 1. e4 e5 2. Nf3 Nf6 3. Nc3 Bb4 4. d3 d5 5. exd5 Nxd5 6. Bd2 Nc6 7. g3 {C42: Petroff Defence: 3 Nxe5 and unusual White 3rd moves} Bxc3 8. bxc3 {LiveBook: 3 Games} Qf6 $146 {White should prevent ...e4!} ({Predecessor:} 8... O-O 9. Bg2 Bg4 10. h3 Bf5 11. O-O Qd7 12. Kh2 h6 13. Re1 Rfe8 14. Rb1 {1-0 (46) Dervishi,E (2552)-Araz,B (2368) Riadh 2017}) 9. Bg2 {White is slightly better.} O-O 10. O-O Bg4 11. h3 Bh5 12. c4 Nb6 13. g4 Bg6 14. Ng5 Qe7 15. f4 {Strongly threatening f5.} exf4 16. Bxf4 Rae8 17. Nf3 f5 {Hoping for ...fxg4.} 18. g5 Qc5+ 19. Kh2 Bh5 20. Qd2 $1 Bxf3 21. Rxf3 Nd4 $2 (21... Ne5 $1 $11) 22. Re3 $18 Rd8 (22... Re7 $16 23. Rae1 (23. Bxb7 c6 $11) 23... Rd7) 23. Rae1 ({Not} 23. Bxb7 c6 $14) 23... Qa3 (23... Rd7 $142 24. Qc1 (24. Bxb7 c6 $14) 24... Nc6) 24. Qf2 Nc8 (24... Nc6 $142 25. Re6 (25. Bxc7 Rd7 $18) 25... Rd7 26. Bxc6 bxc6 27. Rxc6 Qxa2 28. Rxc7 Rxc7 29. Bxc7 Qa4) 25. Bd5+ (25. Bxc7 $142 Rd7 26. Re8) 25... Rxd5 26. cxd5 Qxa2 27. Re8 (27. Re5 $18 Qxc2 28. Qxc2 Nxc2 29. Rc1) 27... Qxd5 $16 28. Rxf8+ Kxf8 29. Kg3 Qd7 $1 30. Be5 {[%mdl 1024] White has compensation.} Nc6 $1 31. Qc5+ N8e7 32. Bf4 b6 33. Qe3 (33. Qc4 $11) 33... Kf7 34. h4 a5 35. c3 Nd5 36. Qf3 Nce7 37. Be5 Ng6 38. h5 Nxe5 39. Rxe5 $11 {[%mdl 4096] Endgame KQR-KQN} Ne7 $1 40. d4 c6 (40... a4 $11) 41. Kg2 (41. Qf4 $14) 41... b5 42. h6 g6 43. Qg3 Nd5 44. Kh2 a4 45. c4 bxc4 {And now ...c3 would win.} 46. Qa3 $2 (46. Rxd5 $1 $11 cxd5 47. Qe5) 46... Nf4 $2 ({Black should play} 46... Qd8 $1 $19 {[%cal Rd8g5]} 47. Qxa4 Qxg5 48. Qa7+ Ne7) 47. Qb4 {Qb8 is the strong threat.} Ne6 48. Qxc4 Qd6 49. Qa6 Qxd4 50. Qb7+ Kf8 51. Qc8+ Nd8 52. Qc7 {[%csl Gh6][%cal Rc7g7]} Qf2+ 53. Kh1 {[%csl Gh6][%cal Rc7g7]} Qf1+ 54. Kh2 {[%csl Gh6][%cal Rc7g7]} Qf2+ 55. Kh1 {[%csl Gh6][%cal Rc7g7]} Qh4+ 56. Kg1 {[%csl Gh6][%cal Rc7g7]} Qxg5+ 57. Kf1 {[%csl Gh6][%cal Rc7g7]} Nf7 {aiming for ...Qf4+.} 58. Qb8+ $2 (58. Re6 $11 {and White stays safe.} Qd8 59. Qxc6 Nxh6 60. Rd6) 58... Qd8 $19 59. Qb4+ Qd6 60. Rc5 Nxh6 61. Qc3 Nf7 62. Rxc6 Qe5 $1 63. Qb4+ Kg7 64. Rc8 (64. Ra6 $142) 64... Qd6 65. Qc3+ (65. Qxd6 {was worth a try.} Nxd6 66. Rc7+ Nf7 67. Ra7) 65... Qe5 66. Qb4 $1 {[#]} h5 $1 67. Qf8+ {[#]} Kf6 $1 68. Rc6+ (68. Qb4 $142) 68... Kg5 69. Qxf7 $2 (69. Qb4 h4 70. Qd2+ Kh5 71. Qe2+ Qxe2+ 72. Kxe2) 69... Qf4+ 70. Kg1 Qg3+ 71. Kh1 Qf3+ {[%mdl 32768] Precision: White = 48%, Black = 54%. . Loss on Time!?} 1-0

[Event "9th Ferdowski Cup 2019"]
[Site "Mashhad"]
[Date "2019.03.04"]
[Round "5.2"]
[White "Li, Bo"]
[Black "Bagheri, Maziar"]
[Result "0-1"]
[WhiteElo "2314"]
[BlackElo "2260"]
[Annotator "TA"]
[PlyCount "96"]
[EventDate "2019.03.01"]
[EventType "swiss"]
[EventCountry "IRI"]
[SourceTitle "playchess.com"]
[Source "ChessBase"]
[SourceQuality "1"]

{[%evp 25,96,0,0,-6,0,0,0,0,0,-2,-9,-13,-20,-20,-21,-19,13,3,13,12,17,16,24,10,11,8,10,11,12,0,0,0,0,0,22,0,20,-11,-8,-4,0,-8,0,0,0,0,0,0,0,0,0,0,6,0,0,-63,-48,-99,-93,-374,-329,-837,-841,-795,-788,-764,-729,-1459,-1216,-1524,-1253,-1202,-1061]} 1. d4 d5 2. c4 c6 3. Nf3 Nf6 4. Nc3 e6 5. e3 Nbd7 6. Qc2 Bd6 7. Be2 O-O 8. O-O Re8 9. Rd1 Qe7 10. b3 b6 11. e4 dxe4 12. Nxe4 Nxe4 13. Qxe4 Bb7 {LiveBook: 61 Games} 14. Bd3 {D45: Semi-Slav: 5 e3} (14. Bf4 Bxf4 15. Qxf4 c5 16. Qc7 Rab8 17. dxc5 Nxc5 18. Qxe7 Rxe7 19. b4 Ne4 20. Rac1 e5 21. Nd2 Nxd2 22. Rxd2 {½-½ (33) Pohlig,B (2467)-Mahling,T (2514) Remote email 2012}) 14... Nf6 15. Qh4 c5 16. d5 {The position is equal.} exd5 17. Bg5 h6 18. Bxf6 Qxf6 19. Qxf6 gxf6 20. cxd5 Be5 $146 (20... a6 {looks sharper.} 21. a4 Rad8 22. Bc4 f5 23. Nh4 f4) ({Predecessor:} 20... Bxd5) 21. Nxe5 Rxe5 22. Bc4 Rd8 23. Rd2 Rd6 24. g3 Kf8 25. f4 Re7 26. Kf2 Bc8 27. Re1 Rxe1 28. Kxe1 $11 {[%mdl 4096] Endgame KRB-KRB} Bg4 29. Be2 Bf5 30. Kf2 Ke7 31. Ke3 Rd8 32. Bh5 Bc8 33. a3 f5 34. b4 f6 35. bxc5 bxc5 36. Bf3 Kd6 37. Rb2 Re8+ 38. Kd2 Ba6 39. Rb1 c4 {And now ...c3+! would win.} 40. Bg2 ({White should play} 40. Bh5 $11 Re4 41. Rb8) 40... Kc5 $15 {...c3+! is the strong threat.} 41. Rd1 {[#]} (41. Bh3 $15) 41... Bb5 $1 $17 42. Rc1 $2 {[%mdl 8192] [#]} (42. d6 $17 {was called for.}) 42... Kd4 $1 $19 {aiming for ...c3+!} 43. Rc3 $2 {[#]} (43. Rd1 Ba4 44. Rc1) 43... Re2+ $3 {[%mdl 512] Black is clearly winning.} 44. Kxe2 Kxc3 45. Ke3 Kb2 {Hoping for ...c3.} 46. Bh3 Bd7 47. Bf1 c3 {[%cal Bc4c3,Bc3c2][%mdl 32]} 48. Bd3 c2 {Precision: White = 41%, Black = 79%.} 0-1

[Event "9th Ferdowski Cup 2019"]
[Site "Mashhad"]
[Date "2019.03.04"]
[Round "5.4"]
[White "Atakhan, Abtin"]
[Black "Kreisl, Robert"]
[Result "1-0"]
[WhiteElo "2207"]
[BlackElo "2427"]
[Annotator "TA"]
[PlyCount "89"]
[EventDate "2019.03.01"]
[EventType "swiss"]
[EventCountry "IRI"]
[SourceTitle "playchess.com"]
[Source "ChessBase"]
[SourceQuality "1"]

{[%evp 14,89,27,18,49,6,35,18,25,15,17,17,46,46,42,37,49,41,79,77,80,58,70,70,61,77,70,47,59,41,45,43,50,52,69,75,64,0,0,1,124,142,125,97,93,103,141,130,129,129,152,157,167,144,421,422,420,412,395,399,561,547,510,551,535,519,726,678,773,764,811,805,772,769,879,847,977,977]} 1. Nf3 g6 2. c4 Bg7 3. e4 e5 4. d4 exd4 5. Nxd4 Nf6 6. Nc3 O-O {A10: English Opening: Unusual Replies for Black} 7. Bd3 (7. Be2 Re8 8. f3 c6 9. Bg5 Qb6 10. Qd2 d5 11. cxd5 Nxe4 12. Nxe4 cxd5 13. Be3 dxe4 14. Nb5 Qf6 15. Nc7 Rd8 16. Bg5 Rxd2 17. Bxf6 {½-½ (72) Lenderman,A (2618)-So,W (2773) Saint Louis 2016}) 7... Re8 8. O-O {LiveBook: 4 Games} c6 {The position is equal.} 9. Bc2 d6 10. h3 Nbd7 $146 ({Predecessor:} 10... Na6 11. Bf4 Nc5 12. Re1 Nh5 13. Bh2 Be5 14. Nf3 Bxh2+ 15. Kxh2 Qf6 {1-0 (35) Bonin,J (2343)-Wojtkiewicz,A (2536) New York 2005}) 11. Be3 Nc5 {[%cal Rf6e4]} 12. Qf3 a5 13. Rad1 {Threatens to win with Nxc6!} Qe7 {[%cal Rf6e4]} 14. Rfe1 Nfd7 15. Qe2 Nf6 {[%cal Rc5e4]} 16. Bg5 {[%cal Be3g5,Bg5h4,Bh4g3,Bg3h2][%mdl 32]} h6 17. Bh4 Qf8 18. Bg3 Nh5 19. Bh2 {And now Nxc6! would win.} Be5 20. Qd2 g5 21. Nf3 Nf4 22. Ne2 Nxe2+ 23. Rxe2 Qe7 24. Qe3 a4 25. Red2 (25. Qa3 $14) 25... Nxe4 $11 26. Re2 $36 {[%mdl 2048] [#] Strongly threatening Bxe5. White has the initiative.} (26. Nxe5 $2 Nxd2 27. Nxf7 Qxe3 $19) 26... f5 (26... Bxh2+ $11 27. Kxh2 Bf5) 27. Bxe5 $16 dxe5 28. Bxe4 fxe4 29. Qxe4 Qf6 30. Nxe5 Bf5 31. Qe3 Re7 {Hoping for ...Rae8.} 32. Rde1 {aiming for Ng4.} Rae8 33. Qc3 Kg7 $2 {[%mdl 8192] [#]} (33... Re6 $16 34. c5 Bb1) 34. Nd7 $1 $18 {[%mdl 512]} Rxd7 35. Qxf6+ ({But not} 35. Rxe8 Qxc3 36. bxc3 Kf6 $18) 35... Kxf6 36. Rxe8 {[%mdl 4096] Endgame KRR-KRB} Rd2 (36... h5 {was called for.} 37. Rf8+ Kg6) 37. g4 {White is clearly winning.} Bd7 38. Rf8+ Kg7 39. Rb8 Kf6 40. Rxb7 c5 41. Rc7 Rd3 42. Re3 Rd2 43. Kg2 Rd1 44. Rxc5 Rd2 45. Rd5 {Precision: White = 53%, Black = 48%.} 1-0

[Event "9th Ferdowski Cup 2019"]
[Site "Mashhad"]
[Date "2019.03.04"]
[Round "5.5"]
[White "Gholami Orimi, Mahdi"]
[Black "Sharbaf, Mohsen"]
[Result "1/2-1/2"]
[WhiteElo "2408"]
[BlackElo "2258"]
[Annotator "TA"]
[PlyCount "134"]
[EventDate "2019.03.01"]
[EventType "swiss"]
[EventCountry "IRI"]
[SourceTitle "playchess.com"]
[Source "ChessBase"]
[SourceQuality "1"]

{[%evp 9,134,65,56,60,62,64,65,60,104,91,91,91,91,91,95,96,88,77,78,78,80,70,73,67,100,93,104,60,43,36,33,53,35,22,27,-8,-7,-20,-20,-35,-30,-281,-268,-258,-222,-289,-279,-272,-278,-266,-254,-225,-190,-410,-392,-436,-425,-514,-507,-489,-344,-341,-341,-323,-310,-291,198,199,181,211,207,207,193,191,340,345,540,524,508,506,528,454,522,522,509,489,1156,951,2332,2625,2625,2529,2625,2371,2121,2198,1513,1175,1787,2006,1719,1887,3556,8,8,8,8,8,8,8,8,8,8,8,8,8,8,0,8,8,8,8,8,8,8,0,103]} 1. d4 c5 2. d5 e5 3. e4 d6 4. Nc3 a6 5. Bd3 (5. a4 g6 6. f4 Nd7 7. Nf3 Bg7 8. Bc4 Nb6 9. Bd3 Bg4 10. O-O exf4 11. Bxf4 Nd7 12. h3 Bxf3 13. Qxf3 Qe7 {1-0 (44) Akobian,V (2653)-Gonzalez,R (2483) ICC INT 2014}) 5... b5 6. a4 $146 {A44: Semi-Benoni} ({Predecessor:} 6. a3 Nd7 7. Nf3 h6 8. b3 Ngf6 9. O-O Nb6 10. Re1 Bb7 11. h3 Nbxd5 12. exd5 Nxd5 13. Nxd5 Bxd5 {1-0 (27) Narraway,C-Lacoursiere,D Canada 1952}) 6... b4 7. Nb1 {[%cal Bc3b1,Bb1d2,Bd2c4][%mdl 32]} Be7 8. Nf3 {White is slightly better.} Bg4 9. Nbd2 Bg5 10. h3 Bxf3 11. Qxf3 Ne7 12. h4 Bh6 13. Nc4 Bxc1 14. Rxc1 a5 15. Kd2 Qc7 16. Rh3 Nd7 17. Qg4 g6 18. Rf3 Rf8 19. h5 f5 20. Qg5 Nf6 $1 21. hxg6 hxg6 22. exf5 e4 {[%mdl 64] Double Attack} 23. Re3 gxf5 24. f3 $1 {[%cal Rf3e4]} Nfxd5 ({Resist} 24... exd3 25. Re6 $17) 25. Rxe4 $4 {[%mdl 8192]} (25. fxe4 $11 {and White has nothing to worry.} Nxe3 26. Nxe3) 25... fxe4 $19 26. Bxe4 Rf4 ({Less strong is} 26... Qc6 27. Ne3 $15) 27. Qh5+ Kd7 28. Qh3+ Kc6 29. Qe6 {[#]} Rxe4 $1 30. Qxe4 Rf8 31. g3 $2 (31. Rh1 {is a better defense.}) 31... Nf5 32. Rd1 Nxg3 33. Qe6 Nf4 34. Qh6 Rf5 35. Kc1 Rd5 36. Rxd5 Nxd5 37. Qe6 Qe7 $4 {[%mdl 8192]} (37... Qd8 $19 38. Kb1 Ne7 39. Nxa5+ Kc7) 38. Qc8+ $1 $18 Nc7 {[%cal Re7e1]} 39. Nxa5+ Kd5 {[%cal Re7e1]} ({Not} 39... Kb6 $2 40. Qb7+ Kxa5 41. Qa7+ Na6 42. Qxe7 $18) 40. Qg8+ {[%mdl 64] Double Attack} Qe6 41. Qxg3 Qe3+ (41... Qe5 {might work better.} 42. f4 Qe4) 42. Kb1 Ne6 {[#]} (42... Ne8 {was necessary.} 43. Qg8+ Qe6) 43. Qxd6+ $3 {[%mdl 576] Deflection, Decoy} Kxd6 44. Nc4+ {[%mdl 64] Double Attack} Kd5 45. Nxe3+ {[%mdl 4096] Endgame KN-KN} Ke5 46. Ng2 c4 47. c3 b3 (47... Nc5 $142 48. a5 bxc3 49. bxc3 Kd5 50. Ne3+ Kc6 51. Nxc4 Kb5) 48. Ne3 Kf4 49. Nxc4 Nc5 50. a5 Kxf3 51. Kc1 Ke4 52. Kd2 Kd5 53. Ne3+ Kc6 54. c4 Na4 {[#]} 55. Nd5 $1 {[%cal Rd5b6]} Nxb2 {[#]} 56. Kc3 $2 (56. Nb6 $1 $18 Kc5 57. Kc3 {[%mdl 64] Double Attack} Nd1+ 58. Kxb3) 56... Nxc4 $1 $11 {The position is equal.} 57. Kxc4 {Nb4+ would kill now. KN-KP} b2 $132 {[%mdl 2048] Black is not holding back} 58. Nc3 Kb7 59. Kb5 {Strongly threatening Kc4.} Ka7 60. Ka4 {Hoping for Kb3.} Ka6 61. Nb1 {And now Nc3 would win.} Ka7 62. Na3 Ka6 63. Nb1 Ka7 64. Nd2 {Black must now prevent Nb1.} Ka6 65. Kb4 {Ka4 is the strong threat.} Ka7 66. Kb5 Kb7 67. Ka4 {Threatens to win with Kb3.} Kc6 {Accuracy: White = 49%, Black = 49%.} (67... Ka6 $11 {keeps the balance.} 68. Kb4 Kb7) 1/2-1/2

[Event "9th Ferdowski Cup 2019"]
[Site "Mashhad"]
[Date "2019.03.04"]
[Round "5.6"]
[White "Aminikiasari, Amer"]
[Black "Grigoryan, Karen H."]
[Result "0-1"]
[WhiteElo "2290"]
[BlackElo "2571"]
[Annotator "TA"]
[PlyCount "72"]
[EventDate "2019.03.01"]
[EventType "swiss"]
[EventCountry "IRI"]
[SourceTitle "playchess.com"]
[Source "ChessBase"]
[SourceQuality "1"]

{[%evp 11,72,0,0,-18,0,-22,-33,-35,-47,-79,-75,-74,-66,-66,-66,-73,-62,-85,-85,-101,-101,-101,-101,-97,-94,-97,-83,-100,-100,-96,-80,-86,-89,-89,-82,-89,-82,-90,-97,-96,-79,-80,-70,-70,-71,-141,-126,-114,-120,-149,-125,-126,-127,-364,-358,-390,-407,-375,-364,-445,-442,-429,-428]} 1. c4 e5 2. Nc3 Nc6 3. Nf3 Nf6 4. e3 Bb4 5. Qc2 Bxc3 6. bxc3 O-O 7. d4 {A28: English Opening: Four Knights Variation} (7. e4 d6 8. g3 Kh8 9. d3 Ng8 10. Nh4 Nge7 11. Bg2 f5 12. exf5 Nxf5 13. Nf3 Nfe7 14. O-O h6 {1-0 (71) So,W (2765)-Harikrishna,P (2729) Kolkata 2018}) 7... d6 8. Ba3 Re8 9. Be2 {Black is slightly better.} Bg4 10. O-O $146 ({Predecessor:} 10. d5 Ne7 11. e4 b6 12. h3 {½-½ (60) Urban,H (2180)-Mihok,L (2205) Germany 2001}) 10... e4 11. Ne1 Bxe2 12. Qxe2 b6 13. Nc2 Na5 14. Bb4 {[#]} Nb7 $1 15. Rfd1 c5 16. Ba3 Qc8 17. Bb2 Na5 18. Na3 Qc6 19. Qc2 Rac8 20. Rac1 a6 21. h3 Re7 22. Rd2 Rec7 23. Qd1 Qe8 24. Rdc2 Qe6 25. Qe2 h5 26. Kh2 h4 27. Kg1 Kh7 28. Kf1 ({Better is} 28. Rd2) 28... g5 $17 29. Ke1 Kg6 30. Kd2 Nh5 31. d5 Qe5 32. Rf1 $2 {[#]} (32. Re1 $17) 32... Qh2 $1 $19 33. Rcc1 Qxg2 34. Rh1 Qf3 35. Qxf3 exf3 36. Kd3 Nf6 {Accuracy: White = 34%, Black = 84%.} 0-1

[Event "9th Ferdowski Cup 2019"]
[Site "Mashhad"]
[Date "2019.03.05"]
[Round "6.1"]
[White "Khodashenas, Mersad"]
[Black "Atakhan, Abtin"]
[Result "1-0"]
[WhiteElo "2480"]
[BlackElo "2207"]
[Annotator "TA"]
[PlyCount "53"]
[EventDate "2019.03.01"]
[EventType "swiss"]
[EventCountry "IRI"]
[SourceTitle "playchess.com"]
[Source "ChessBase"]
[SourceQuality "1"]

{[%evp 19,53,7,12,8,18,0,22,12,21,16,23,28,28,19,42,50,134,145,162,162,156,142,464,466,438,412,759,753,743,750,745,739,1175,626,1451,1416]} 1. e4 c5 2. Nf3 Nc6 3. d4 cxd4 4. Nxd4 g6 5. Nc3 Bg7 6. Nb3 Nf6 7. Be2 O-O 8. O-O d6 9. Bg5 Be6 10. Kh1 a6 11. f4 {B70: Sicilian Dragon: 6 g3 and 6 Be2 (without a later Be3)} b5 12. Bf3 {aiming for e5.} Rc8 13. Nd5 {The position is equal.} Bxd5 14. exd5 Na5 15. Qe2 {[#]} Re8 $146 ({Predecessor:} 15... Nc4 16. c3 Re8 17. Nd4 Qb6 18. Rae1 Qc5 {0-1 (72) Conquest,S (2505)-Kveinys,A (2510) Germany 1995}) 16. Nd4 Qb6 17. Rad1 b4 ({Black should play} 17... Nc4 $14) 18. f5 $16 Qc5 19. fxg6 hxg6 20. b3 $1 ({Don't do} 20. Qxa6 $6 Ra8 $14) 20... e5 $2 {[%mdl 8192] [#]} (20... Nxd5 $16 21. Bxd5 Qxd5) 21. Ne6 $1 $18 {[%cal Re6c5][%mdl 512]} fxe6 {[#]} 22. Bxf6 $1 Bxf6 (22... Qxc2 $142 23. Rd2 (23. Qxa6 Bxf6 24. Qxa5 e4 $16) 23... Qc7) 23. Be4 {White is clearly winning.} Rf8 24. Qg4 {[%mdl 64] Double Attack} Qa7 25. Bxg6 {[%mdl 64] Intending Bf7+! and mate. Discovered Attack} Qe7 26. Bf5+ {[%mdl 64] Discovered Attack} Kh8 27. Qh5+ {Accuracy: White = 79%, Black = 23%.} 1-0

[Event "9th Ferdowski Cup 2019"]
[Site "Mashhad"]
[Date "2019.03.05"]
[Round "6.2"]
[White "Bagheri, Maziar"]
[Black "Aitbayev, Aslan"]
[Result "0-1"]
[WhiteElo "2260"]
[BlackElo "2441"]
[Annotator "TA"]
[PlyCount "60"]
[EventDate "2019.03.01"]
[EventType "swiss"]
[EventCountry "IRI"]
[SourceTitle "playchess.com"]
[Source "ChessBase"]
[SourceQuality "1"]

{[%evp 9,60,33,31,37,50,47,54,51,43,27,38,44,51,23,24,-78,-65,-59,0,0,0,0,0,0,0,-9,0,-45,-44,-81,-68,-706,-697,-692,-689,-705,-675,-658,-344,-541,-541,-534,-529,-661,-654,-5775,-5691,-4918,-4898,-29994,-29994,-29994,-29995]} 1. d4 d5 2. c4 Bf5 3. Nc3 e6 4. Nf3 Bb4 (4... Nf6 5. Nh4 Bb4 6. cxd5 Qxd5 7. e3 O-O 8. Be2 Ne4 9. Bd2 Bxc3 10. bxc3 Nxd2 11. Qxd2 Be4 12. f3 Qg5 {½-½ (42) Wojtaszek,R (2733)-Nepomniachtchi,I (2757) Dortmund 2018}) 5. Qa4+ Nc6 6. e3 {D06: Queen's Gambit: Symmetrical and Baltic Defences} Nf6 7. Ne5 O-O 8. Nxc6 {White is slightly better.} Bxc3+ $1 9. bxc3 bxc6 10. f3 e5 $146 ({Predecessor:} 10... Qd7 11. Be2 Rfe8 12. O-O h5 13. Rd1 dxc4 {1-0 (32) Ortiz,K (1822)-Dlamini,T (1362) Batumi 2018}) 11. Be2 e4 12. Qxc6 {[#]} (12. f4 $1 $11) 12... exf3 $1 $17 13. gxf3 Ne4 (13... Re8 $1 $15) 14. h4 $1 $11 Nxc3 15. cxd5 Nxe2 16. Kxe2 Rb8 {[%cal Ba8b8,Bb8b6,Bb6a6][%mdl 32]} 17. Ba3 Re8 18. Rac1 Rb6 19. Qa4 {And now Rxc7! would win.} Bd7 20. Qxa7 $2 {[%mdl 8192]} (20. Qc2 $15) 20... Bb5+ $19 {[%mdl 64] [#] Discovered Attack} 21. Kf2 Qxd5 22. Rc5 Qxa2+ 23. Kg3 Ra6 24. Qxc7 (24. Qb7 {was the only defense.} Rb6 25. Qxc7 Rg6+ 26. Rg5 Qxa3 27. Qc1) 24... Rg6+ ({Worse is} 24... Rxa3 25. Rxb5 Raxe3 26. Rb8 $15) 25. Rg5 Qxa3 26. Rb1 Qxe3 27. Rbxb5 Qg1+ 28. Kh3 Qf1+ {[%mdl 64] Double Attack} 29. Kh2 Re2+ 30. Kg3 Qg2+ {Accuracy: White = 42%, Black = 62%.} 0-1

[Event "9th Ferdowski Cup 2019"]
[Site "Mashhad"]
[Date "2019.03.05"]
[Round "6.4"]
[White "Sharbaf, Mohsen"]
[Black "Mosadeghpour, Masoud"]
[Result "0-1"]
[WhiteElo "2258"]
[BlackElo "2542"]
[Annotator "TA"]
[PlyCount "116"]
[EventDate "2019.03.01"]
[EventType "swiss"]
[EventCountry "IRI"]
[SourceTitle "playchess.com"]
[Source "ChessBase"]
[SourceQuality "1"]

{[%evp 11,116,-14,-11,-15,-22,-22,-8,-32,-14,-15,0,0,0,0,0,0,0,-15,-38,-75,-53,-51,-60,-52,-53,-55,-36,-68,-44,-42,-44,-55,0,-5,-8,-58,-62,-64,-75,-106,-100,-100,-100,-101,-93,-91,-81,-127,-42,-157,-156,-153,-153,-148,-143,-138,-138,-163,-166,-143,-149,-199,-204,-227,-212,-341,-356,-343,-269,-258,-250,-291,-281,-392,-327,-536,-490,-583,-579,-572,-529,-580,-545,-963,-948,-787,-1192,-1201,-950,-1261,-1220,-29971,-29975,-29975,-29976,-29971,-29974,-29980,-29981,-29983,-29983,-29983,-29984,-29984,-29985,-29987,-29988]} 1. Nf3 Nf6 2. e3 c5 3. b3 g6 4. Bb2 Bg7 5. Be2 O-O 6. O-O d5 7. a3 {A05: Réti Opening: 1 Nf3 Nf6} (7. d4 Ne4 8. Nbd2 Nc6 9. c4 Nxd2 10. Qxd2 dxc4 11. bxc4 cxd4 12. exd4 Bg4 13. Rfd1 Rc8 14. Rac1 Qc7 15. h3 Bxf3 16. Bxf3 {½-½ (31) Pakleza,Z (2497)-Duda,J (2724) Zgierz 2018}) 7... Nc6 8. Ne5 Bd7 $146 ({Predecessor:} 8... Qc7 9. Nxc6 bxc6 10. d4 {½-½ (31) Bosnjak,P (2099)-Kennemann,R (1841) Split 2012}) 9. f4 {The position is equal.} d4 10. Bf3 Qc7 (10... Ne8 {keeps more tension.} 11. exd4 cxd4 12. Re1 Nd6 13. a4 Nf5) 11. Bxc6 Bxc6 12. exd4 cxd4 13. Bxd4 Rfd8 $36 {[%mdl 2048] Black is more active.} 14. Nxc6 Qxc6 15. Be5 Nd5 {White must now prevent ...Qb6+.} 16. Bxg7 Kxg7 17. Qc1 Qf6 18. Nc3 Nxf4 {Hoping for ...Qg5.} 19. Qe1 Qg5 {[%csl Gf4][%cal Rg5g2]} 20. Qe4 $1 e5 21. h4 Qe7 (21... Qh5 $15 22. Rf2 Rd4 23. Qxb7 Rad8) 22. Rae1 {Qxf4! is the strong threat.} Qc5+ 23. Qe3 (23. d4 $5 Qxd4+ 24. Qxd4 Rxd4 25. Rxe5 $11) 23... Rac8 {And now ...Rxd2 would win.} 24. Qxc5 Rxc5 25. b4 Rc4 26. Rf2 f6 27. Re4 Rdc8 28. Rxc4 Rxc4 $17 {[%mdl 4096] Endgame KRN-KRN} 29. Kf1 Ne6 ({Black should try} 29... Nh5 $17 30. Rf3 e4) 30. g3 (30. Nd5 $1 $15) 30... Nd4 31. Nd5 Nf5 $1 (31... Rxc2 32. Nxf6 Nf5 33. Ne8+ Kh6 34. g4 $15) 32. Ne3 Nxe3+ 33. dxe3 {[#] KR-KR} Kf7 $1 34. h5 Rc3 35. Rd2 {[#]} Ke6 $1 ({Resist} 35... Rxa3 36. Rd7+ Ke6 37. Rxb7 $15) 36. Ke2 gxh5 37. Kf3 Kf5 ({Much less strong is} 37... Rxa3 38. Rh2 $17) 38. a4 (38. Rd7 {might work better.}) 38... e4+ $19 39. Kf2 Ke6 40. Ke2 f5 41. b5 b6 42. Rd8 Rxc2+ 43. Kf1 $2 (43. Ke1) 43... Ra2 44. Rh8 Rxa4 45. Rxh7 Ra5 46. Kg2 Kf6 47. Kh3 Rxb5 48. Rxa7 Rb3 49. Rb7 Rxe3 50. Rxb6+ Kg5 51. Rb8 f4 {Black mates.} 52. Rb5+ Kf6 53. Rb6+ Ke5 54. Rb5+ Kd4 55. Rb4+ Kc5 56. Ra4 Rxg3+ 57. Kh4 e3 58. Kxh5 e2 {Accuracy: White = 51%, Black = 75%.} 0-1